[Event "Battle At The Border"]
[Site "Lloydminster CAN"]
[Date "2010.09.06"]
[Round "5.7"]
[White "Yam, Alex"]
[Black "Daniluk, Jim"]
[Result "1-0"]
[WhiteElo "2222"]
[BlackElo "2022"]
[PlyCount "137"]
[EventDate "2010.09.04"]
[EventType "swiss"]
[EventRounds "5"]
[EventCountry "CAN"]

1. c4 e5 2. g3 Nf6 3. Bg2 Nc6 4. Nc3 g6 5. d3 Bg7 6. e4 d6 7. Nge2 Nb8 8. d4
Nc6 9. d5 Ne7 10. O-O O-O 11. f3 Ne8 12. Be3 f5 13. Qd2 Nf6 14. Kh1 fxe4 15.
fxe4 Ng4 16. Bg1 Bh6 17. Qd3 b6 18. h3 Nf6 19. b4 a5 20. a3 Ba6 21. bxa5 bxa5
22. Na4 Qd7 23. Nec3 Nh5 24. Nb5 Rxf1 25. Rxf1 Rf8 26. Rxf8+ Kxf8 27. Kh2 Kg7
28. Qc3 Bxb5 29. cxb5 Qxb5 30. Qxc7 Kf7 31. Qxd6 Qxa4 32. Qe6+ Ke8 33. d6 Qd7
34. Qxe5 Bg7 35. Qxe7+ Qxe7 36. dxe7 Be5 37. Bf2 Kxe7 38. a4 Nf6 39. Bf3 h5 40.
Kg2 Kd6 41. Be3 Bc3 42. Bf4+ Kc5 43. Kf2 Nd7 44. Be2 Ne5 45. Ke3 Bd4+ 46. Kd2
Nf7 47. h4 Kb4 48. Bb5 Ne5 49. Ke2 Ba1 50. Be8 Bb2 51. Kf2 Bd4+ 52. Kg2 Bc3 53.
Bxe5 Bxe5 54. Bxg6 Kxa4 55. Bxh5 Kb4 56. Bf7 Kc5 57. g4 Kd6 58. g5 Ke7 59. Bd5
Kf8 60. Kf3 Kg7 61. Kg4 a4 62. h5 a3 63. Kf5 Bd6 64. e5 Be7 65. Ba2 Bd8 66. Bb1
Be7 67. h6+ Kf7 68. Ba2+ Kf8 69. Kg6 1-0

[Event "Battle At The Border"]
[Site "Lloydminster CAN"]
[Date "2010.09.06"]
[Round "5.8"]
[White "Perron, Sean"]
[Black "Bentley, Bill"]
[Result "1-0"]
[WhiteElo "2079"]
[BlackElo "1891"]
[PlyCount "91"]
[EventDate "2010.09.04"]
[EventType "swiss"]
[EventRounds "5"]
[EventCountry "CAN"]

1. e4 e6 2. d4 d5 3. e5 c5 4. c3 Qb6 5. Nf3 Nc6 6. a3 Bd7 7. b4 cxd4 8. cxd4
Rc8 9. Bb2 Nh6 10. Nbd2 Na5 11. Rc1 Rxc1 12. Qxc1 Nc6 13. Bd3 Be7 14. O-O O-O
15. Qb1 g6 16. Nb3 Nb8 17. Qc1 Nf5 18. g4 Nh4 19. Nxh4 Bxh4 20. Qh6 Be7 21. Rc1
Bxb4 22. axb4 Qxb4 23. Rc3 Ba4 24. Qc1 Bxb3 25. Ba3 Qxd4 26. Bxf8 Qxg4+ 27. Kf1
Qh3+ 28. Ke1 Qxh2 29. Bd6 Qh1+ 30. Bf1 Bc4 31. Rxc4 dxc4 32. Bxb8 Qe4+ 33. Be2
Qh1+ 34. Kd2 Qd5+ 35. Ke3 Qc5+ 36. Kf3 Qc6+ 37. Kg3 c3 38. Bd6 b5 39. Qh6 Qc8
40. Bxb5 c2 41. Qc1 Qc3+ 42. Kg2 Qb3 43. Bc6 Qc4 44. Bf3 Kg7 45. Qg5 c1=Q 46.
Qf6+ 1-0

[Event "Battle At The Border"]
[Site "Lloydminster CAN"]
[Date "2010.09.06"]
[Round "5.9"]
[White "Yearwood, Roy"]
[Black "Blum, Roger"]
[Result "1-0"]
[WhiteElo "2162"]
[BlackElo "1973"]
[PlyCount "51"]
[EventDate "2010.09.04"]
[EventType "swiss"]
[EventRounds "5"]
[EventCountry "CAN"]

1. e4 c5 2. Nc3 Nc6 3. f4 d6 4. Nf3 g6 5. Bb5 Bg7 6. O-O Bd7 7. a4 e6 8. d3
Nge7 9. Be3 a6 10. Bxc6 Bxc6 11. d4 Qb6 12. a5 Qc7 13. Qd2 Rd8 14. dxc5 dxc5
15. Qf2 Nc8 16. Bxc5 Qxf4 17. Ng5 Qxf2+ 18. Rxf2 Rd7 19. Raf1 Nd6 20. Bxd6 Bd4
21. e5 f5 22. Nxe6 Bxf2+ 23. Rxf2 h6 24. Nc5 Rd8 25. Rf4 Rg8 26. Rb4 1-0

[Event "Battle At The Border"]
[Site "Lloydminster CAN"]
[Date "2010.09.06"]
[Round "5.10"]
[White "Danner, Jason"]
[Black "Zeggelaar, Mike"]
[Result "1/2-1/2"]
[WhiteElo "1630"]
[BlackElo "1972"]
[PlyCount "152"]
[EventDate "2010.09.04"]
[EventType "swiss"]
[EventRounds "5"]
[EventCountry "CAN"]

1. e4 Nf6 2. e5 Nd5 3. Bc4 Nb6 4. Bb3 Nc6 5. Nf3 d5 6. exd6 exd6 7. d3 Be7 8.
Bd2 O-O 9. a4 Bg4 10. a5 Nd7 11. h3 Bh5 12. Bc3 Nde5 13. Nbd2 Bf6 14. g4 Nxf3+
15. Qxf3 Re8+ 16. Kd1 Bxc3 17. gxh5 Ne5 18. Qf4 Bxd2 19. Kxd2 Qg5 20. Ra4 Qg2
21. Rd1 d5 22. Kc1 Rad8 23. Rb4 b6 24. axb6 axb6 25. Ba4 Re7 26. Rb3 Rd6 27. d4
Rf6 28. Qxf6 gxf6 29. Rg3+ Qxg3 30. fxg3 Nf3 31. Bc6 Ng5 32. h4 Ne4 33. Bxd5 f5
34. Re1 Kg7 35. g4 Kf6 36. g5+ Kg7 37. c3 b5 38. Kc2 Kf8 39. Re2 Kg7 40. Kd3 c5
41. Bxe4 c4+ 42. Kd2 fxe4 43. Ke3 f5 44. gxf6+ Kxf6 45. Rf2+ Ke6 46. Rf4 Kd5
47. Rf5+ Kc6 48. Rc5+ Kb6 49. Re5 Rg7 50. Re6+ Ka5 51. Rxe4 Rg2 52. d5 Rxb2 53.
Kd4 Rd2+ 54. Kc5 Rd3 55. Rd4 Rxc3 56. d6 Rf3 57. d7 Rf5+ 58. Rd5 Rf8 59. d8=Q+
Rxd8 60. Rxd8 Ka4 61. Ra8+ Kb3 62. Kxb5 c3 63. Rc8 c2 64. h6 Kb2 65. h5 c1=Q
66. Rxc1 Kxc1 67. Kc5 Kd2 68. Kd4 Kc2 69. Ke4 Kc3 70. Ke5 Kc4 71. Ke6 Kc5 72.
Ke7 Kd5 73. Kf7 Kd6 74. Kf8 Ke6 75. Kg8 Ke7 76. Kg7 Ke8 1/2-1/2

[Event "Battle At The Border"]
[Site "Lloydminster CAN"]
[Date "2010.09.06"]
[Round "5.11"]
[White "Achtemichuk, Chris"]
[Black "Chaisson, Terry"]
[Result "0-1"]
[WhiteElo "1730"]
[BlackElo "1780"]
[PlyCount "80"]
[EventDate "2010.09.04"]
[EventType "swiss"]
[EventRounds "5"]
[EventCountry "CAN"]

1. Nf3 Nf6 2. g3 b6 3. Bg2 Bb7 4. O-O g6 5. d3 Bg7 6. Nbd2 O-O 7. e4 d6 8. Re1
Nbd7 9. Nf1 e5 10. h4 Bc8 11. Ne3 c6 12. Nh2 h5 13. Nf3 Nh7 14. b4 a5 15. b5
cxb5 16. Rb1 b4 17. Nd5 Nhf6 18. Bg5 Bb7 19. Qc1 Bxd5 20. exd5 Qc7 21. Nd2 b5
22. a3 Rfc8 23. axb4 Qxc2 24. bxa5 Qxd3 25. Qb2 Rxa5 26. Rec1 Rxc1+ 27. Qxc1
Nc5 28. Qe1 Nxd5 29. Bf1 Qc3 30. Bxb5 e4 31. Qe2 Ra1 32. Rxa1 Qxa1+ 33. Kg2 Nc3
34. Qf1 Qxf1+ 35. Bxf1 d5 36. Be3 Ne6 37. Ba6 d4 38. Bg5 f6 39. Bc4 Kf7 40. Nb3
fxg5 0-1

[Event "Battle At The Border"]
[Site "Lloydminster CAN"]
[Date "2010.09.06"]
[Round "5.12"]
[White "Reynoldson, Nigel"]
[Black "Steele, Len"]
[Result "1/2-1/2"]
[WhiteElo "1302"]
[BlackElo "1925"]
[PlyCount "77"]
[EventDate "2010.09.04"]
[EventType "swiss"]
[EventRounds "5"]
[EventCountry "CAN"]

1. e4 e6 2. d4 d5 3. exd5 exd5 4. Nf3 Nf6 5. Nc3 Be7 6. Bd3 O-O 7. O-O Bg4 8.
Re1 Nc6 9. Be2 Re8 10. Ne5 Bxe2 11. Rxe2 Bb4 12. Bg5 Bxc3 13. bxc3 h6 14. Nxc6
bxc6 15. Rxe8+ Qxe8 16. Bxf6 gxf6 17. Qd2 Qd7 18. Qxh6 Qf5 19. Qc1 Qe4 20. Rb1
Re8 21. h3 c5 22. Qd1 cxd4 23. cxd4 Qe2 24. Qd3 Qxd3 25. cxd3 Re2 26. a3 Ra2
27. Rb3 a5 28. Kf1 a4 29. Rc3 Rb2 30. Ke1 Kg7 31. g3 Kg6 32. Rxc7 Rb3 33. Kd2
Rxa3 34. Rc3 Ra2+ 35. Rc2 Ra1 36. Rc1 Ra3 37. Rc3 Ra2+ 38. Rc2 Ra3 39. Rc3
1/2-1/2

[Event "Battle At The Border"]
[Site "Lloydminster CAN"]
[Date "2010.09.06"]
[Round "6.3"]
[White "Willis, Bradley"]
[Black "Yoos, John"]
[Result "0-1"]
[WhiteElo "2130"]
[BlackElo "2444"]
[PlyCount "60"]
[EventDate "2010.09.04"]
[EventType "swiss"]
[EventRounds "5"]
[EventCountry "CAN"]

1. d4 Nf6 2. Nf3 g6 3. Nc3 Bg7 4. e4 d6 5. Be3 O-O 6. Qd2 Bg4 7. Be2 Nc6 8.
O-O-O Re8 9. h3 Bxf3 10. Bxf3 e5 11. d5 Nd4 12. Ne2 Nxf3 13. gxf3 Qd7 14. Ng3
Kh8 15. h4 h5 16. Bh6 Rg8 17. Rhg1 Nh7 18. Bxg7+ Rxg7 19. f4 Qe7 20. fxe5 dxe5
21. d6 cxd6 22. Qxd6 Qxh4 23. Qxe5 Qg5+ 24. Qxg5 Nxg5 25. Rh1 Re8 26. Rh4 Kg8
27. Rd5 f6 28. Rf4 Rf7 29. Rd6 Kg7 30. Kd2 h4 0-1

[Event "Battle At The Border"]
[Site "Lloydminster CAN"]
[Date "2010.09.06"]
[Round "6.4"]
[White "Rekhson, Vladislav"]
[Black "Gardner, Robert"]
[Result "1/2-1/2"]
[WhiteElo "2179"]
[BlackElo "2309"]
[PlyCount "46"]
[EventDate "2010.09.04"]
[EventType "swiss"]
[EventRounds "5"]
[EventCountry "CAN"]

1. e4 d6 2. d4 Nf6 3. Nc3 g6 4. Be3 Bg7 5. Qd2 O-O 6. Nf3 a6 7. Bh6 b5 8. Bd3
Nc6 9. Bxg7 Kxg7 10. e5 dxe5 11. dxe5 Ng4 12. Qf4 b4 13. Ne2 Qd5 14. Be4 Qc5
15. O-O Rb8 16. Bxc6 Qxc6 17. Ned4 Qb6 18. Rad1 c5 19. Ne2 f6 20. h3 Nh6 21.
Rfe1 Bf5 22. c3 a5 23. Ng3 Be6 1/2-1/2

[Event "Battle At The Border"]
[Site "Lloydminster CAN"]
[Date "2010.09.06"]
[Round "6.6"]
[White "Chaisson, Terry"]
[Black "Yam, Alex"]
[Result "0-1"]
[WhiteElo "1780"]
[BlackElo "2222"]
[PlyCount "88"]
[EventDate "2010.09.04"]
[EventType "swiss"]
[EventRounds "5"]
[EventCountry "CAN"]

1. e4 d5 2. exd5 Nf6 3. Nc3 Nxd5 4. Nxd5 Qxd5 5. d4 Nc6 6. c3 e5 7. dxe5 Qxd1+
8. Kxd1 Nxe5 9. f3 Bf5 10. Be3 O-O-O+ 11. Kc1 Nd3+ 12. Bxd3 Rxd3 13. Bd2 Bc5
14. Ne2 Re8 15. Nf4 Rxd2 16. Kxd2 Be3+ 17. Kd1 Bxf4 18. g3 Rd8+ 19. Ke1 Be3 20.
Rd1 Re8 21. Kf1 Bh3+ 22. Ke2 Bc5+ 23. Kd2 Bg2 24. Rhe1 Rxe1 25. Rxe1 Bxf3 26.
Rf1 Bd5 27. Kd3 Be6 28. b3 Bd6 29. Ke4 f5+ 30. Kd3 g5 31. Ke3 a5 32. c4 Kd7 33.
Kd4 b6 34. Kd3 Ke7 35. Ke2 h5 36. Kf3 Kf6 37. Kg2 Bd7 38. Kf3 Bc6+ 39. Ke2 g4
40. Kd2 Kg5 41. Ke2 f4 42. gxf4+ Bxf4 43. Rf2 h4 44. Kf1 h3 0-1

[Event "Battle At The Border"]
[Site "Lloydminster CAN"]
[Date "2010.09.06"]
[Round "6.9"]
[White "Danner, Jason"]
[Black "Sequillion, Aaron"]
[Result "0-1"]
[WhiteElo "1630"]
[BlackElo "2074"]
[PlyCount "70"]
[EventDate "2010.09.04"]
[EventType "swiss"]
[EventRounds "5"]
[EventCountry "CAN"]

1. e4 c5 2. Nf3 d6 3. d4 cxd4 4. Nxd4 Nf6 5. Nc3 Nc6 6. Be2 g6 7. Be3 Bg7 8. f3
Bd7 9. Qd2 h5 10. O-O-O Rc8 11. Kb1 Ne5 12. Rhe1 a6 13. Nd5 Nxd5 14. exd5 b5
15. h3 Qc7 16. Bg5 e6 17. dxe6 fxe6 18. f4 Nf7 19. Qd3 Qc5 20. Nxe6 Bxe6 21.
Qxg6 Kf8 22. Bf6 Bxf6 23. Qxf6 Qxc2+ 24. Ka1 Rh6 25. Qd4 Rc5 26. Bd3 Qxg2 27.
Rg1 Qd5 28. Qg7+ Ke7 29. Bb1 Qf3 30. Rgf1 Qxh3 31. f5 Bxf5 32. Rde1+ Re6 33.
Rd1 Qg4 34. Bxf5 Qxg7 35. Bxe6 Kxe6 0-1

[Event "Battle At The Border"]
[Site "Lloydminster CAN"]
[Date "2010.09.06"]
[Round "6.10"]
[White "Pedersen, Rick"]
[Black "Daniluk, Jim"]
[Result "0-1"]
[WhiteElo "1932"]
[BlackElo "2022"]
[PlyCount "70"]
[EventDate "2010.09.04"]
[EventType "swiss"]
[EventRounds "5"]
[EventCountry "CAN"]

1. e4 c5 2. Nf3 Nc6 3. d4 cxd4 4. Nxd4 Nf6 5. Nc3 e5 6. Ndb5 d6 7. Nd5 Nxd5 8.
exd5 Nb8 9. c4 Be7 10. Be2 O-O 11. O-O a6 12. Nc3 f5 13. f4 Bf6 14. Qc2 Nd7 15.
Be3 g6 16. Rac1 Qe7 17. Rfd1 b6 18. b4 exf4 19. Bxf4 Bxc3 20. Qxc3 Qxe2 21. Bh6
Qe5 22. Bxf8 Qxc3 23. Rxc3 Kxf8 24. Re1 Nf6 25. Rf3 Bd7 26. h3 Rc8 27. Rc1 Nxd5
28. Rd3 Nf4 29. Rd2 Be6 30. g3 Nxh3+ 31. Kg2 Ng5 32. Rxd6 Bxc4 33. Rcd1 Bxa2
34. Rf6+ Kg7 35. Rxb6 Rc2+ 0-1

[Event "Battle At The Border"]
[Site "Lloydminster CAN"]
[Date "2010.09.06"]
[Round "6.11"]
[White "Xiao, Jason"]
[Black "Blum, Roger"]
[Result "1-0"]
[WhiteElo "1321"]
[BlackElo "1973"]
[PlyCount "67"]
[EventDate "2010.09.04"]
[EventType "swiss"]
[EventRounds "5"]
[EventCountry "CAN"]

1. e4 c5 2. Nf3 Nc6 3. d4 cxd4 4. Nxd4 Nf6 5. Nc3 e5 6. Ndb5 d6 7. Bg5 a6 8.
Na3 b5 9. Bxf6 gxf6 10. Nd5 f5 11. exf5 Bxf5 12. Bd3 Bxd3 13. Qxd3 Bg7 14. c3
O-O 15. O-O f5 16. Nc2 e4 17. Qg3 Kh8 18. a4 Be5 19. f4 exf3 20. Qxf3 bxa4 21.
Rxa4 a5 22. Qh5 Rb8 23. Rh4 Qd7 24. Nd4 Rxb2 25. Nxf5 Rxf5 26. Rxf5 Qa7+ 27.
Kf1 Rb1+ 28. Ke2 Rb2+ 29. Kd3 Qa6+ 30. Rc4 Nb4+ 31. Nxb4 Rd2+ 32. Kxd2 Qxc4 33.
Rxe5 dxe5 34. Qxe5+ 1-0

[Event "Battle At The Border"]
[Site "Lloydminster CAN"]
[Date "2010.09.06"]
[Round "6.12"]
[White "Steele, Len"]
[Black "Bentley, Bill"]
[Result "1/2-1/2"]
[WhiteElo "1925"]
[BlackElo "1891"]
[PlyCount "25"]
[EventDate "2010.09.04"]
[EventType "swiss"]
[EventRounds "5"]
[EventCountry "CAN"]

1. c4 e6 2. Nc3 d5 3. cxd5 exd5 4. d4 c6 5. Nf3 Be7 6. h3 Nf6 7. Bf4 O-O 8. e3
Re8 9. Bd3 Nbd7 10. Qc2 Nf8 11. O-O Bd6 12. Bxd6 Qxd6 13. Rac1 1/2-1/2

[Event "Battle At The Border"]
[Site "Lloydminster CAN"]
[Date "2010.09.06"]
[Round "6.13"]
[White "Janzen, Tyler"]
[Black "Reynoldson, Nigel"]
[Result "0-1"]
[WhiteElo "1694"]
[BlackElo "1302"]
[PlyCount "48"]
[EventDate "2010.09.04"]
[EventType "swiss"]
[EventRounds "5"]
[EventCountry "CAN"]

1. d4 Nf6 2. c4 e6 3. Nc3 Bb4 4. Qc2 d5 5. a3 Bxc3+ 6. Qxc3 Nc6 7. cxd5 exd5 8.
e3 a6 9. Nf3 Bf5 10. Bd3 Qd7 11. O-O O-O 12. b4 Na7 13. Bxf5 Qxf5 14. Qxc7 Rab8
15. Bd2 Qd3 16. Rfd1 Ne4 17. Qf4 Rbc8 18. Ne5 Qc2 19. Rac1 Qb2 20. Rxc8 Nxc8
21. Bc1 Qc2 22. Rf1 Nc3 23. Qg5 Ne2+ 24. Kh1 f6 0-1

[Event "Battle of Alberta"]
[Site "Red Deer CAN"]
[Date "2010.08.21"]
[Round "1.2"]
[White "Haessel, Dale"]
[Black "Pechenkin, Vladimir"]
[Result "1/2-1/2"]
[WhiteElo "2278"]
[BlackElo "2410"]
[PlyCount "26"]
[EventDate "2010.08.21"]
[EventType "team"]
[EventRounds "2"]
[EventCountry "CAN"]

1. d4 f5 2. Nf3 Nf6 3. c4 e6 4. Qc2 b6 5. e3 Bb7 6. Bd3 Ne4 7. Nbd2 Bb4 8. O-O
Nxd2 9. Nxd2 Qh4 10. a3 Bxd2 11. Bxd2 Bxg2 12. Bc1 Bb7 13. Bd2 Bg2 1/2-1/2

[Event "Battle of Alberta"]
[Site "Red Deer CAN"]
[Date "2010.08.21"]
[Round "1.3"]
[White "Gardner, Robert"]
[Black "Kazmaier, Daniel"]
[Result "1-0"]
[WhiteElo "2308"]
[BlackElo "2260"]
[PlyCount "96"]
[EventDate "2010.08.21"]
[EventType "team"]
[EventRounds "2"]
[EventCountry "CAN"]

1. d4 d6 2. e4 Nf6 3. Nc3 g6 4. Be3 Bg7 5. h3 c6 6. g4 Qa5 7. Bg2 O-O 8. Nge2
e5 9. O-O Nbd7 10. f4 c5 11. dxe5 dxe5 12. f5 h6 13. g5 hxg5 14. Bxg5 c4 15.
Kh2 b5 16. Qe1 b4 17. Nd5 Nxd5 18. exd5 f6 19. Bd2 gxf5 20. Bxb4 Qb6 21. Bxf8
Nxf8 22. Ng3 f4 23. Nh5 Qxb2 24. Nxg7 Kxg7 25. Rb1 Qxc2 26. Rf2 Qd3 27. d6 Bf5
28. Rb7+ Kg6 29. Rf3 Qxd6 30. Rg3+ Kh6 31. Rg8 Ng6 32. Rxa8 e4 33. Kh1 f3 34.
Qe3+ Qf4 35. Qxf4+ Nxf4 36. Rh8+ Kg6 37. Rg8+ Kh6 38. Bf1 e3 39. Rh8+ Kg6 40.
Rg8+ Kh6 41. Rh8+ Kg5 42. Rg7+ Bg6 43. Bxc4 f2 44. Rhg8 e2 45. Bxe2 Nxe2 46.
Rxg6+ Kf5 47. Kg2 Nf4+ 48. Kxf2 Nxg6 1-0

[Event "Battle of Alberta"]
[Site "Red Deer CAN"]
[Date "2010.08.21"]
[Round "1.4"]
[White "Karmali, Hafiz"]
[Black "Valencia, Belsar"]
[Result "1/2-1/2"]
[WhiteElo "2006"]
[BlackElo "2257"]
[PlyCount "83"]
[EventDate "2010.08.21"]
[EventType "team"]
[EventRounds "2"]
[EventCountry "CAN"]

1. d4 Nf6 2. c4 g6 3. Nc3 Bg7 4. e4 d6 5. f4 O-O 6. Nf3 c5 7. d5 e6 8. Be2 exd5
9. exd5 Re8 10. O-O Bf5 11. Bd3 Bxd3 12. Qxd3 Na6 13. f5 Nb4 14. Qd1 Ng4 15.
fxg6 hxg6 16. a3 Na6 17. Nb5 Ne3 18. Bxe3 Rxe3 19. h4 Qe7 20. Qd2 Bh6 21. Ng5
Re5 22. Qf2 Rf8 23. Qf6 Qxf6 24. Rxf6 Bg7 25. Rxd6 Re7 26. Nf3 Nc7 27. Nxc7
Rxc7 28. Ra2 Re8 29. Kf2 Bf8 30. Rf6 Kg7 31. Rf4 Bd6 32. Rg4 f5 33. Rg5 Bf4 34.
b3 Rd7 35. Re2 Rxe2+ 36. Kxe2 Re7+ 37. Kf2 Be3+ 38. Kf1 Bxg5 39. Nxg5 Kf6 40.
Kf2 b6 41. Ne6 Ke5 42. g3 1/2-1/2

[Event "Battle of Alberta"]
[Site "Red Deer CAN"]
[Date "2010.08.21"]
[Round "1.5"]
[White "Hughey, Micah"]
[Black "Yam, Alex"]
[Result "1-0"]
[WhiteElo "2226"]
[BlackElo "2238"]
[PlyCount "77"]
[EventDate "2010.08.21"]
[EventType "team"]
[EventRounds "2"]
[EventCountry "CAN"]

1. e4 d5 2. exd5 Qxd5 3. Nc3 Qd6 4. d4 Nf6 5. Nf3 c6 6. a3 Bg4 7. Be2 Nbd7 8.
O-O g6 9. h3 Bxf3 10. Bxf3 Rd8 11. Bg5 Bg7 12. Qd2 Nb6 13. Rad1 O-O 14. Rfe1
Rfe8 15. Qc1 Qc7 16. Bf4 Qc8 17. Bh6 Bxh6 18. Qxh6 Nbd5 19. Ne4 Nxe4 20. Rxe4
Nf6 21. Rh4 Qf5 22. Be4 Qb5 23. Rd3 e5 24. Rf3 Rd6 25. Rb3 Qe2 26. Rxb7 Nh5 27.
dxe5 Rd2 28. Rxf7 Kxf7 29. Qxh7+ Kf8 30. Qh6+ Ke7 31. Qg5+ Kd7 32. Bxg6 Ng7 33.
Bxe8+ Nxe8 34. Rh7+ Kc8 35. Qg3 Qe1+ 36. Kh2 Rxf2 37. Qg4+ Kb8 38. Qd4 Rd2 39.
Qxa7+ 1-0

[Event "Battle of Alberta"]
[Site "Red Deer CAN"]
[Date "2010.08.21"]
[Round "1.6"]
[White "Booker, Brad"]
[Black "Kalisvaart, Peter"]
[Result "1/2-1/2"]
[WhiteElo "2188"]
[BlackElo "2213"]
[PlyCount "68"]
[EventDate "2010.08.21"]
[EventType "team"]
[EventRounds "2"]
[EventCountry "CAN"]

1. e4 e5 2. Nf3 Nc6 3. Bb5 Nd4 4. Nxd4 exd4 5. O-O Bc5 6. d3 c6 7. Bc4 d5 8.
exd5 cxd5 9. Re1+ Ne7 10. Bb5+ Bd7 11. Bxd7+ Qxd7 12. Nd2 O-O 13. Nf3 Nc6 14.
a3 Rae8 15. b4 Bb6 16. Bb2 a6 17. Qd2 Re6 18. Re2 Rfe8 19. Rae1 Rxe2 20. Rxe2
Rxe2 21. Qxe2 h6 22. Kf1 Qe6 23. Qd2 Qd6 24. g3 Ba7 25. Kg2 b5 26. Ng1 Nd8 27.
Qe2 Qe6 28. f4 Qxe2+ 29. Nxe2 Nc6 30. f5 g5 31. g4 f6 32. h3 Kf7 33. Ng3 Bb6
34. Ne2 Ke7 1/2-1/2

[Event "Battle of Alberta"]
[Site "Red Deer CAN"]
[Date "2010.08.21"]
[Round "1.7"]
[White "Grumic, Sasa"]
[Black "Zhang, David"]
[Result "1-0"]
[WhiteElo "2159"]
[BlackElo "2157"]
[PlyCount "79"]
[EventDate "2010.08.21"]
[EventType "team"]
[EventRounds "2"]
[EventCountry "CAN"]

1. g3 Nf6 2. Bg2 d5 3. Nf3 c6 4. O-O Nbd7 5. d4 e6 6. Nbd2 Bd6 7. c4 O-O 8. Qc2
e5 9. dxe5 Nxe5 10. Nxe5 Bxe5 11. Nf3 Bd6 12. cxd5 cxd5 13. Rd1 Qe7 14. Bg5 Be6
15. Qb3 h6 16. Bxf6 Qxf6 17. Nd4 Rfd8 18. Rd2 Bc5 19. Rad1 Bb6 20. e3 Rac8 21.
h3 Ba5 22. Rd3 Bb6 23. a4 Rc5 24. Rc3 Rdc8 25. Rxc5 Rxc5 26. Qd3 Rc4 27. b3 Rc8
28. Ne2 Rd8 29. Nf4 d4 30. e4 Rc8 31. Ne2 Rd8 32. Rf1 Qe7 33. Nf4 Rc8 34. Nd5
Bxd5 35. exd5 Rc3 36. Qf5 Rxb3 37. d6 Qxd6 38. Bd5 Rc3 39. Qxf7+ Kh7 40. Be4+
1-0

[Event "Battle of Alberta"]
[Site "Red Deer CAN"]
[Date "2010.08.21"]
[Round "1.8"]
[White "Yearwood, Roy"]
[Black "Rekhson, Vladislav"]
[Result "1-0"]
[WhiteElo "2128"]
[BlackElo "2135"]
[PlyCount "49"]
[EventDate "2010.08.21"]
[EventType "team"]
[EventRounds "2"]
[EventCountry "CAN"]

1. e4 e5 2. Bc4 Nc6 3. Nc3 Nf6 4. d3 Bc5 5. Be3 Bb6 6. Bxb6 axb6 7. a3 d6 8.
Nge2 Be6 9. Ng3 Qd7 10. Nd5 Bxd5 11. exd5 Ne7 12. Qf3 b5 13. Bb3 b4 14. O-O
bxa3 15. bxa3 O-O 16. Rfe1 Ra5 17. c4 Rfa8 18. a4 Nc8 19. d4 exd4 20. Nf5 g6
21. Nxd4 Kg7 22. Re3 Nb6 23. Rae1 Re8 24. Rxe8 Nxe8 25. Qe3 1-0

[Event "Battle of Alberta"]
[Site "Red Deer CAN"]
[Date "2010.08.21"]
[Round "1.9"]
[White "Willis, Bradley"]
[Black "Gold, Itohan"]
[Result "1/2-1/2"]
[WhiteElo "2130"]
[BlackElo "2087"]
[PlyCount "63"]
[EventDate "2010.08.21"]
[EventType "team"]
[EventRounds "2"]
[EventCountry "CAN"]

1. d4 d5 2. Nf3 Nf6 3. e3 e6 4. Bd3 Be7 5. b3 O-O 6. Bb2 b6 7. Nbd2 Bb7 8. Ne5
c5 9. O-O Nc6 10. a3 Rc8 11. f4 g6 12. Qf3 Qc7 13. Qh3 Nxe5 14. fxe5 Ne4 15.
Bxe4 dxe4 16. c4 b5 17. Qg4 cxd4 18. Bxd4 bxc4 19. Rfc1 Bc5 20. Rxc4 Qb6 21.
Nxe4 Bxe4 22. Bxc5 Rxc5 23. Rxc5 Qxc5 24. Qxe4 Rd8 25. Rf1 Qxa3 26. Qb7 Rf8 27.
Rf3 Qc5 28. b4 Qb6 29. Qe7 a5 30. bxa5 Qxa5 31. Qg5 Rd8 32. Rxf7 1/2-1/2

[Event "Battle of Alberta"]
[Site "Red Deer CAN"]
[Date "2010.08.21"]
[Round "1.10"]
[White "Perron, Sean"]
[Black "Sequillion, Aaron"]
[Result "1-0"]
[WhiteElo "2074"]
[BlackElo "2058"]
[PlyCount "75"]
[EventDate "2010.08.21"]
[EventType "team"]
[EventRounds "2"]
[EventCountry "CAN"]

1. e4 c5 2. Nf3 d6 3. d4 cxd4 4. Nxd4 Nf6 5. Nc3 g6 6. Be3 Bg7 7. f3 Nc6 8. Qd2
O-O 9. Bc4 Bd7 10. O-O-O Qa5 11. Kb1 Rfc8 12. Bb3 Ne5 13. h4 Nc4 14. Bxc4 Rxc4
15. h5 Rac8 16. hxg6 fxg6 17. Nce2 Qc7 18. c3 b5 19. Rc1 e5 20. Nc2 a5 21. Bh6
Bxh6 22. Qxh6 b4 23. Ne3 Be6 24. cxb4 axb4 25. Nxc4 Bxc4 26. Qd2 Qb7 27. b3
Bxe2 28. Rxc8+ Qxc8 29. Qxe2 d5 30. exd5 Qf5+ 31. Qc2 Nxd5 32. Qxf5 gxf5 33.
Kb2 Kg7 34. a3 bxa3+ 35. Kxa3 e4 36. fxe4 fxe4 37. Rh5 Nf4 38. Rh4 1-0

[Event "Battle of Alberta"]
[Site "Red Deer CAN"]
[Date "2010.08.21"]
[Round "1.11"]
[White "Zeggelaar, Mike"]
[Black "Tam, Eric"]
[Result "0-1"]
[WhiteElo "1994"]
[BlackElo "2038"]
[PlyCount "58"]
[EventDate "2010.08.21"]
[EventType "team"]
[EventRounds "2"]
[EventCountry "CAN"]

1. e4 e5 2. Nf3 Nc6 3. Bc4 Nf6 4. d4 exd4 5. e5 d5 6. Bb5 Ne4 7. Nxd4 Bd7 8.
Bxc6 bxc6 9. O-O Bc5 10. c3 O-O 11. Nd2 f5 12. N2f3 Qe8 13. Qc2 f4 14. b4 Bb6
15. Bb2 Bg4 16. c4 Bxd4 17. Nxd4 f3 18. Rfe1 Qg6 19. Re3 Bh5 20. g3 Qg4 21. Kh1
Bg6 22. Rxe4 dxe4 23. Nxc6 Rae8 24. Qc3 Re6 25. b5 Be8 26. Qe3 Bxc6 27. bxc6
Qh3 28. Rg1 Rh6 29. Qxh6 Qxh6 0-1

[Event "Battle of Alberta"]
[Site "Red Deer CAN"]
[Date "2010.08.21"]
[Round "1.12"]
[White "Daniluk, Jim"]
[Black "Pedersen, Rick"]
[Result "1/2-1/2"]
[WhiteElo "2022"]
[BlackElo "1986"]
[PlyCount "94"]
[EventDate "2010.08.21"]
[EventType "team"]
[EventRounds "2"]
[EventCountry "CAN"]

1. d4 g6 2. c4 Bg7 3. Nc3 Nf6 4. e4 d6 5. h3 O-O 6. Bg5 c5 7. d5 h6 8. Be3 e6
9. Qd2 Kh7 10. g4 exd5 11. exd5 Re8 12. Nf3 Nbd7 13. Bd3 Ne5 14. Nxe5 Rxe5 15.
O-O-O a6 16. Bf4 Re7 17. Bxh6 Bxh6 18. g5 Bg7 19. gxf6 Bh6 20. f4 Re8 21. Kb1
Qxf6 22. Ne4 Qd4 23. Qc2 Bxf4 24. Rhf1 Qe5 25. Qf2 f5 26. Qh4+ Bh6 27. Nf6+ Kg7
28. Nxe8+ Qxe8 29. Rde1 Be3 30. Qg3 f4 31. Qxf4 Bxf4 32. Rxe8 Bf5 33. Re7+ Kf6
34. Rxf4 Kxe7 35. Bxf5 gxf5 36. Rxf5 Rh8 37. Rf3 Rh4 38. b3 b5 39. cxb5 axb5
40. Kc2 c4 41. Kc3 cxb3 42. axb3 Rh5 43. Kd4 Rh4+ 44. Ke3 Rh5 45. Ke4 Re5+ 46.
Kd4 Rh5 47. Ke4 Re5+ 1/2-1/2

[Event "Battle of Alberta"]
[Site "Red Deer CAN"]
[Date "2010.08.21"]
[Round "2.2"]
[White "Pechenkin, Vladimir"]
[Black "Haessel, Dale"]
[Result "1/2-1/2"]
[WhiteElo "2410"]
[BlackElo "2278"]
[PlyCount "30"]
[EventDate "2010.08.21"]
[EventType "team"]
[EventRounds "2"]
[EventCountry "CAN"]

1. f4 d5 2. Nf3 g6 3. e3 Bg7 4. d4 Nf6 5. Bd3 b6 6. c3 O-O 7. Qe2 a5 8. a4 Ba6
9. Bxa6 Nxa6 10. O-O c5 11. b3 Qc7 12. Bb2 Ne4 13. Na3 cxd4 14. cxd4 Rfc8 15.
Rac1 Qb7 1/2-1/2

[Event "Battle of Alberta"]
[Site "Red Deer CAN"]
[Date "2010.08.21"]
[Round "2.3"]
[White "Kazmaier, Daniel"]
[Black "Gardner, Robert"]
[Result "1-0"]
[WhiteElo "2260"]
[BlackElo "2308"]
[PlyCount "41"]
[EventDate "2010.08.21"]
[EventType "team"]
[EventRounds "2"]
[EventCountry "CAN"]

1. d4 Nf6 2. Nf3 e6 3. c4 b6 4. g3 Bb7 5. Bg2 Be7 6. O-O O-O 7. Nc3 Ne4 8. Qc2
Nxc3 9. Qxc3 Be4 10. Bf4 d6 11. b4 Nd7 12. Qb3 c5 13. dxc5 bxc5 14. Rfd1 e5 15.
Nxe5 Bxg2 16. Nxd7 Bc6 17. Nxf8 Qxf8 18. bxc5 dxc5 19. Rab1 g5 20. Be5 Qc8 21.
Qb8 1-0